000 00380pab a2200145 454500
008 180718b1989 xxu||||| |||| 00| 0 eng d
100 _aUslu, Mehmet Zeki
245 _aBusiness financing with bonds in Turkey
_bAn analysis
260 _c1989
300 _a109-22
362 _aJul.
650 _aGovernment Bonds - Turkey
773 _aIndian Journal of Economics
909 _a9497
999 _c9497
_d9497